Statistics for Rolling Stone's 100 Greatest Albums

Click here to take the quiz!

General Stats

  • This quiz has been taken 30,505 times
    (6,953 since last reset)
  • The average score is 29 of 73

Answer Stats

AlbumsArtist% Correct
Abbey Road / Revolver / Sgt. Pepper’s Lonely Hearts Club Band / White Album / Rubber SoulThe Beatles
99%
Thriller / Off the WallMichael Jackson
96%
Purple Rain / Sign O' the TimesPrince
92%
The Dark Side of the MoonPink Floyd
88%
Exile on Main Street / Let it BleedThe Rolling Stones
84%
The Rise and Fall of Ziggy Stardust and the Spiders From Mars / Station to Station / Hunky DorDavid Bowie
82%
NevermindNirvana
78%
Back in BlackAC/DC
77%
Born to Run / Darkness on the Edge of TownBruce Springsteen
77%
The Sun SessionsElvis Presley
73%
RumoursFleetwood Mac
69%
London CallingThe Clash
68%
Are You Experienced / Electric Ladyland / Axis: Bold as LoveJimi Hendrix
65%
Pet SoundsThe Beach Boys
62%
Master of PuppetsMetallica
62%
___ ________ IVLed Zeppelin
62%
Plastic Ono BandJohn Lennon
59%
What's Going OnMarvin Gaye
58%
Appetite for DestructionGuns N' Roses
58%
Never Mind the Bollocks Here’s the Sex PistolsThe Sex Pistols
57%
Straight Outta ComptonN.W.A.
57%
Blood on the Tracks / Highway 61 Revisited / Blonde on BlondeBob Dylan
56%
Kid A / OK ComputerRadiohead
56%
Jagged Little PillAlanis Morissette
56%
GracelandPaul Simon
54%
Back to BlackAmy Winehouse
52%
Lemonade / BeyoncéBeyoncé
51%
My Beautiful Dark Twisted Fantasy / The College DropoutKanye West
49%
Who's NextThe Who
48%
Songs in the Key of Life / Innervisions / Talking BookStevie Wonder
47%
The Miseducation of ______ ____Lauryn Hill
44%
Harvest / After the Gold RushNeil Young
40%
Automatic for the PeopleR.E.M.
39%
I Never Loved a Man the Way I Love You / Lady SoulAretha Franklin
38%
The Blueprint / Reasonable DoubltJay-Z
37%
Legend / ExodusBob Marley and
the Wailers
37%
The ChronicDr. Dre
37%
TapestryCarole King
36%
The Velvet Underground and NicoThe Velvet Underground
34%
Dusty in MemphisDusty Springfield
31%
Kind of Blue / Bitches BrewMiles Davis
31%
To Pimp a ButterflyKendrick Lamar
29%
Aquemini / StankoniaOutkast
27%
HorsesPatti Smith
27%
Ready to DieThe Notorious B.I.G.
26%
RedTaylor Swift
25%
Star Time / Live at the ApolloJames Brown
25%
It Takes a Nation of Millions to Hold Us BackPublic Enemy
24%
Enter the Wu-Tang (36 Chambers)Wu-Tang Clan
24%
IllmaticNas
24%
BlueJoni Mitchell
22%
Astral WeeksVan Morrison
22%
The DoorsThe Doors
21%
AjaSteely Dan
19%
Hounds of LoveKate Bush
19%
Remain in LightTalking Heads
19%
The Band / Music From Big PinkThe Band
17%
Take CareDrake
16%
SuperflyCurtis Mayfield
15%
A Love SupremeJohn Coltrane
15%
RamonesRamones
15%
Supa Dupa FlyMissy Elliott
14%
BlondFrank Ocean
13%
BaduizmErykah Badu
13%
The Great Twenty-EightChuck Berry
12%
Car Wheels on a Gravel RoadLucinda Williams
11%
The Low End TheoryA Tribe Called Quest
11%
There’s a Riot Goin’ OnSly and the
Family Stone
10%
Exile in GuyvilleLiz Phair
10%
Paid in FullEric B. and Rakim
9%
LovelessMy Bloody Valentine
8%
Fun HouseThe Stooges
8%
VoodooD’Angelo
6%

Score Distribution

Percentile by Number Answered

Percent of People with Each Score

Your Score History

You have not taken this quiz since the last reset